| 000 | 00916nam a2200229Ia 4500 | ||
|---|---|---|---|
| 001 | 13311 | ||
| 003 | GE_BSU | ||
| 008 | 181216s||||||||xx |||||||||||||| ||und|| | ||
| 020 | _a5930934118 | ||
| 040 | _cGE_BSU | ||
| 080 | _a628.1 | ||
| 245 | _aУчебное пособие для студентов заочного отделения факультета ,,Водоснабжение и водоотведение,, | ||
| 245 | _b4 курс 7 семестр | ||
| 245 | _cПод.общ.ред.Ю.В.Ворогова и А.Л.Ивчатова | ||
| 260 | _aМосква | ||
| 260 | _bИзд-во ассоц.строит. вузов | ||
| 260 | _c2006 | ||
| 300 | _a447стр.21см. | ||
| 541 | _h44л. | ||
| 653 | _aУчебное пособие для студентов заочного отделения факультета ,,Водоснабжение и водоотведение,, | ||
| 942 | _cBK | ||
| 999 |
_c46473 _d46473 |
||